A városi tanács vb-üléséről jelentjük A Szegedi ÁFÉSZ a lakosság ellátásáért : Közegészségügy, járványügy
Elmentve itt :
| Dokumentumtípus: | Cikk |
|---|---|
| Megjelent: |
1978-09-29
|
| Sorozat: | Délmagyarország
68 No. 230 |
| Kulcsszavak: | fogyasztási és értékesítési szövetkezetek |
| Online Access: | http://dmarchiv.bibl.u-szeged.hu/108650 |
| LEADER | 00535nab a2200145 i 4500 | ||
|---|---|---|---|
| 001 | delm108650 | ||
| 005 | 20190516115515.0 | ||
| 008 | 190516s1978 hu o 0|| hun d | ||
| 040 | |a SZTE Délmagyarország Archívum |b hun | ||
| 041 | |a hun | ||
| 245 | 0 | 2 | |a A városi tanács vb-üléséről jelentjük |h [elektronikus dokumentum] : |b A Szegedi ÁFÉSZ a lakosság ellátásáért : Közegészségügy, járványügy |
| 260 | |c 1978-09-29 | ||
| 300 | |a 1 | ||
| 490 | 0 | |a Délmagyarország |v 68 No. 230 | |
| 695 | |a fogyasztási és értékesítési szövetkezetek | ||